15658 2207321 4500001002100000008004100021035002000062245003200082260004100114300002200155020001800177084001600195082001000211650001000221990001300231990001300244990001300257990001300270990001300283990001300296990001300309990001300322990001300335990001300348990001300361990001300374990001300387990001300400990001300413990001300426990001300439990001300452990001300465990001300478990001300491990001300504990001300517990001300530990001300543990001300556990001300569990001300582990001300595990001300608990001300621990001300634990001300647990001300660990001300673990001300686990001300699990001300712990001300725990001300738990001300751990001300764990001300777990001300790990001300803990001300816990001300829990001300842990001300855990001300868990001300881990001300894990001300907990001300920990001300933990001300946990001300959990001300972990001300985990001300998990001301011990001301024990001301037990001301050990001301063990001301076990001301089990001301102990001301115990001301128990001301141990001301154990001301167990001301180990001301193990001301206990001301219990001301232990001301245990001301258990001301271990001301284990001301297990001301310990001301323990001301336990001301349990001301362990001301375990001301388990001301401990001301414990001301427990001301440990001301453990001301466990001301479990001301492990001301505990001301518990001301531990001301544990001301557990001301570990001301583990001301596990001301609990001301622990001301635990001301648990001301661990001301674990001301687990001301700990001301713990001301726990001301739990001301752990001301765990001301778990001301791990001301804990001301817990001301830990001301843990001301856990001301869990001301882990001301895990001301908990001301921990001301934990001301947990001301960990001301973990001301986990001301999990001302012990001302025990001302038990001302051990001302064990001302077990001302090990001302103990001302116990001302129990001302142990001302155990001302168990001302181990001302194990001302207990001302220990001302233990001302246990001302259990001302272990001302285990001302298990001302311990001302324990001302337990001302350990001302363990001302376990001302389990001302402990001302415990001302428990001302441990001302454990001302467990001302480990001302493990001302506990001302519990001302532990001302545990001302558990001302571990001302584990001302597990001302610990001302623990001302636990001302649990001302662990001302675990001302688990001302701990001302714990001302727990001302740990001302753990001302766990001302779990001302792990001302805990001302818990001302831990001302844990001302857990001302870990001302883990001302896990001302909990001302922990001302935990001302948990001302961990001302974990001302987990001303000990001303013990001303026990001303039990001303052990001303065990001303078990001303091990001303104990001303117990001303130990001303143990001303156990001303169990001303182990001303195990001303208990001303221990001303234990001303247990001303260990001303273990001303286990001303299990001303312990001303325990001303338990001303351990001303364990001303377990001303390990001303403990001303416990001303429990001303442990001303455990001303468990001303481990001303494990001303507990001303520990001303533990001303546990001303559990001303572990001303585990001303598990001303611990001303624990001303637990001303650990001303663990001303676990001403689990001403703990001403717990001403731990001403745990001403759990001403773990001403787990001403801990001403815990001403829990001303843990001403856990001403870990001403884990001403898990001403912990001403926990001403940990001403954990001403968990001403982990001403996990001404010990001404024990001404038990001404052990001404066990001404080990001404094990001404108990001404122990001404136990001404150990001404164990001404178990001404192990001404206990001404220990001404234990001404248990001404262990001404276990001404290990001404304990001404318990001404332990001404346990001404360990001404374990001404388990001404402990001404416990001404430990001404444990001404458990001404472990001404486990001404500990001404514990001404528990001404542990001404556990001404570990001404584990001404598990001404612990001404626990001404640990001404654990001404668990001404682990001404696990001404710990001404724990001404738990001404752990001404766990001404780990001404794990001404808990001404822990001404836990001404850990001404864990001404878990001404892990001404906990001404920990001404934990001404948990001404962990001404976990001404990990001405004990001405018990001405032990001405046990001405060990001405074990001405088990001405102990001405116990001405130990001405144990001405158990001405172990001405186990001405200990001405214990001405228990001405242990001405256990001405270990001405284990001405298990001405312990001405326990001405340990001405354990001405368990001405382990001405396990001405410990001405424990001405438990001405452990001405466990001405480990001405494990001405508990001405522990001405536990001405550990001405564990001405578990001405592990001405606990001405620990001405634990001405648990001405662990001405676990001405690990001405704990001405718990001405732990001405746990001405760990001405774990001405788990001405802990001405816990001405830990001405844990001405858990001405872990001405886990001405900990001405914990001405928990001405942990001405956990001405970990001405984990001405998990001406012990001406026990001406040990001406054990001406068990001406082990001406096990001406110990001406124990001406138990001406152990001406166990001406180990001406194990001406208990001406222990001406236990001406250990001406264990001406278990001406292990001406306990001406320990001406334990001406348990001406362990001406376990001406390990001406404990001406418990001406432990001406446990001406460990001406474990001406488990001406502990001406516990001406530990001406544990001406558990001406572990001406586990001406600990001406614990001406628990001406642990001406656990001406670990001406684990001406698990001406712990001406726990001406740990001406754990001406768990001406782990001406796990001406810990001406824990001406838990001406852990001406866990001406880990001406894990001406908990001406922990001406936990001406950990001406964990001406978990001406992990001407006990001407020990001407034990001407048990001407062990001407076990001407090990001407104990001407118990001407132990001407146990001407160990001407174990001407188990001407202990001407216990001407230990001407244990001407258990001407272990001407286990001407300990001407314990001407328990001407342990001407356990001407370990001407384990001407398990001407412990001407426990001407440990001407454990001407468990001407482990001407496990001407510990001407524990001407538990001407552990001407566990001407580990001407594990001407608990001407622990001407636990001407650990001407664990001407678990001407692990001407706990001407720990001407734990001407748990001407762990001407776990001407790990001407804990001407818990001407832990001407846990001407860990001407874990001407888990001407902990001407916990001407930990001407944990001407958990001407972990001407986990001408000990001408014990001408028990001408042990001408056990001408070990001408084990001408098990001408112990001408126990001408140990001408154990001408168990001408182990001408196990001408210990001408224990001408238990001408252990001408266990001408280990001408294990001408308990001408322INLIS000000000000003 ind  a0010-0223000002 aBAHASA ARABcSRI SUPARTINAH aYOGYAKARTAbDAFA BINTANG REKSAc2022 a128c20 X 28,5 CM a9789799946591 a492.7 SRI b a492.7 aagama aIKM.9124 aIKM.9125 aIKM.9126 aIKM.9127 aIKM.9128 aIKM.9129 aIKM.9130 aIKM.9131 aIKM.9132 aIKM.9133 aIKM.9134 aIKM.9135 aIKM.9136 aIKM.9137 aIKM.9138 aIKM.9139 aIKM.9140 aIKM.9141 aIKM.9142 aIKM.9143 aIKM.9144 aIKM.9145 aIKM.9146 aIKM.9147 aIKM.9148 aIKM.9149 aIKM.9150 aIKM.9151 aIKM.9152 aIKM.9153 aIKM.9154 aIKM.9155 aIKM.9156 aIKM.9157 aIKM.9158 aIKM.9159 aIKM.9160 aIKM.9161 aIKM.9162 aIKM.9163 aIKM.9164 aIKM.9165 aIKM.9166 aIKM.9167 aIKM.9168 aIKM.9169 aIKM.9170 aIKM.9171 aIKM.9172 aIKM.9173 aIKM.9174 aIKM.9175 aIKM.9176 aIKM.9177 aIKM.9178 aIKM.9179 aIKM.9180 aIKM.9181 aIKM.9182 aIKM.9183 aIKM.9184 aIKM.9185 aIKM.9186 aIKM.9187 aIKM.9188 aIKM.9189 aIKM.9190 aIKM.9191 aIKM.9192 aIKM.9193 aIKM.9194 aIKM.9195 aIKM.9196 aIKM.9197 aIKM.9198 aIKM.9199 aIKM.9200 aIKM.9201 aIKM.9202 aIKM.9203 aIKM.9204 aIKM.9205 aIKM.9206 aIKM.9207 aIKM.9208 aIKM.9209 aIKM.9210 aIKM.9211 aIKM.9212 aIKM.9213 aIKM.9214 aIKM.9215 aIKM.9216 aIKM.9217 aIKM.9218 aIKM.9219 aIKM.9220 aIKM.9221 aIKM.9222 aIKM.9223 aIKM.9224 aIKM.9225 aIKM.9226 aIKM.9227 aIKM.9228 aIKM.9229 aIKM.9230 aIKM.9231 aIKM.9232 aIKM.9233 aIKM.9234 aIKM.9235 aIKM.9236 aIKM.9237 aIKM.9238 aIKM.9239 aIKM.9240 aIKM.9241 aIKM.9242 aIKM.9243 aIKM.9244 aIKM.9245 aIKM.9246 aIKM.9247 aIKM.9248 aIKM.9249 aIKM.9250 aIKM.9251 aIKM.9252 aIKM.9253 aIKM.9254 aIKM.9255 aIKM.9256 aIKM.9257 aIKM.9258 aIKM.9259 aIKM.9260 aIKM.9261 aIKM.9262 aIKM.9263 aIKM.9264 aIKM.9265 aIKM.9266 aIKM.9267 aIKM.9268 aIKM.9269 aIKM.9270 aIKM.9271 aIKM.9272 aIKM.9273 aIKM.9274 aIKM.9275 aIKM.9276 aIKM.9277 aIKM.9278 aIKM.9279 aIKM.9280 aIKM.9281 aIKM.9282 aIKM.9283 aIKM.9284 aIKM.9285 aIKM.9286 aIKM.9287 aIKM.9288 aIKM.9289 aIKM.9290 aIKM.9291 aIKM.9292 aIKM.9293 aIKM.9294 aIKM.9295 aIKM.9296 aIKM.9297 aIKM.9298 aIKM.9299 aIKM.9300 aIKM.9301 aIKM.9302 aIKM.9303 aIKM.9304 aIKM.9305 aIKM.9306 aIKM.9307 aIKM.9308 aIKM.9309 aIKM.9310 aIKM.9311 aIKM.9312 aIKM.9313 aIKM.9314 aIKM.9315 aIKM.9316 aIKM.9317 aIKM.9318 aIKM.9319 aIKM.9320 aIKM.9321 aIKM.9322 aIKM.9323 aIKM.9324 aIKM.9325 aIKM.9326 aIKM.9327 aIKM.9328 aIKM.9329 aIKM.9330 aIKM.9331 aIKM.9332 aIKM.9333 aIKM.9334 aIKM.9335 aIKM.9336 aIKM.9337 aIKM.9338 aIKM.9339 aIKM.9340 aIKM.9341 aIKM.9342 aIKM.9343 aIKM.9344 aIKM.9345 aIKM.9346 aIKM.9347 aIKM.9348 aIKM.9349 aIKM.9350 aIKM.9351 aIKM.9352 aIKM.9353 aIKM.9354 aIKM.9355 aIKM.9356 aIKM.9357 aIKM.9358 aIKM.9359 aIKM.9360 aIKM.9361 aIKM.9362 aIKM.9363 aIKM.9364 aIKM.9365 aIKM.9366 aIKM.9367 aIKM.9368 aIKM.9369 aIKM.9370 aIKM.9371 aIKM.9372 aIKM.9373 aIKM.9375 aIKM.9376 aIKM.9377 aIKM.9378 aIKM.9379 aIKM.9380 aIKM.9381 aIKM.9382 aIKM.9383 aIKM.9384 aIKM.9385 aIKM.9386 aIKM.9387 aIKM.9388 aIKM.9389 aIKM.9390 aIKM.10222 aIKM.10223 aIKM.10224 aIKM.10225 aIKM.10226 aIKM.10227 aIKM.10228 aIKM.10229 aIKM.10230 aIKM.10231 aIKM.10232 aIKM.9374 aIKM.13964 aIKM.13965 aIKM.13966 aIKM.13967 aIKM.13968 aIKM.13969 aIKM.13970 aIKM.13971 aIKM.13972 aIKM.13973 aIKM.13974 aIKM.13975 aIKM.13976 aIKM.13977 aIKM.13978 aIKM.13979 aIKM.13980 aIKM.13981 aIKM.13982 aIKM.13983 aIKM.13984 aIKM.13985 aIKM.13986 aIKM.13987 aIKM.13988 aIKM.13989 aIKM.13990 aIKM.13991 aIKM.13992 aIKM.13993 aIKM.13994 aIKM.13995 aIKM.13996 aIKM.13997 aIKM.13998 aIKM.13999 aIKM.14000 aIKM.14001 aIKM.14002 aIKM.14003 aIKM.14004 aIKM.14005 aIKM.14006 aIKM.14007 aIKM.14008 aIKM.14009 aIKM.14010 aIKM.14011 aIKM.14012 aIKM.14013 aIKM.14014 aIKM.14015 aIKM.14016 aIKM.14017 aIKM.14018 aIKM.14019 aIKM.14020 aIKM.14021 aIKM.14022 aIKM.14023 aIKM.14024 aIKM.14025 aIKM.14026 aIKM.14027 aIKM.14028 aIKM.14029 aIKM.14030 aIKM.14031 aIKM.14032 aIKM.14033 aIKM.14034 aIKM.14035 aIKM.14036 aIKM.14037 aIKM.14038 aIKM.14039 aIKM.14040 aIKM.14041 aIKM.14042 aIKM.14043 aIKM.14044 aIKM.14045 aIKM.14046 aIKM.14047 aIKM.14048 aIKM.14049 aIKM.14050 aIKM.14051 aIKM.14052 aIKM.14053 aIKM.14054 aIKM.14055 aIKM.14056 aIKM.14057 aIKM.14058 aIKM.14059 aIKM.14060 aIKM.14061 aIKM.14062 aIKM.14063 aIKM.14064 aIKM.14065 aIKM.14066 aIKM.14067 aIKM.14068 aIKM.14069 aIKM.14070 aIKM.14071 aIKM.14072 aIKM.14073 aIKM.14074 aIKM.14075 aIKM.14076 aIKM.14077 aIKM.14078 aIKM.14079 aIKM.14080 aIKM.14081 aIKM.14082 aIKM.14083 aIKM.14084 aIKM.14085 aIKM.14086 aIKM.14087 aIKM.14088 aIKM.14089 aIKM.14090 aIKM.14091 aIKM.14092 aIKM.14093 aIKM.14094 aIKM.14095 aIKM.14096 aIKM.14097 aIKM.14098 aIKM.14099 aIKM.14100 aIKM.14101 aIKM.14102 aIKM.14103 aIKM.14104 aIKM.14105 aIKM.14106 aIKM.14107 aIKM.14108 aIKM.14109 aIKM.14110 aIKM.14111 aIKM.14112 aIKM.14113 aIKM.14114 aIKM.14115 aIKM.14116 aIKM.14117 aIKM.14118 aIKM.14119 aIKM.14120 aIKM.14121 aIKM.14122 aIKM.14123 aIKM.14124 aIKM.14125 aIKM.14126 aIKM.14127 aIKM.14128 aIKM.14129 aIKM.14130 aIKM.14131 aIKM.14132 aIKM.14133 aIKM.14134 aIKM.14135 aIKM.14136 aIKM.14137 aIKM.14138 aIKM.14139 aIKM.14140 aIKM.14141 aIKM.14142 aIKM.14143 aIKM.14144 aIKM.14145 aIKM.14146 aIKM.14147 aIKM.14148 aIKM.14149 aIKM.14150 aIKM.14151 aIKM.14152 aIKM.14153 aIKM.14154 aIKM.14155 aIKM.14156 aIKM.14157 aIKM.14158 aIKM.14159 aIKM.14160 aIKM.14161 aIKM.14162 aIKM.14163 aIKM.14164 aIKM.14165 aIKM.14166 aIKM.14167 aIKM.14168 aIKM.14169 aIKM.14170 aIKM.14171 aIKM.14172 aIKM.14173 aIKM.14174 aIKM.14175 aIKM.14176 aIKM.14177 aIKM.14178 aIKM.14179 aIKM.14180 aIKM.14181 aIKM.14182 aIKM.14183 aIKM.14184 aIKM.14185 aIKM.14186 aIKM.14187 aIKM.14188 aIKM.14189 aIKM.14190 aIKM.14191 aIKM.14192 aIKM.14193 aIKM.14194 aIKM.14195 aIKM.14196 aIKM.14197 aIKM.14198 aIKM.14199 aIKM.14200 aIKM.14201 aIKM.14202 aIKM.14203 aIKM.14204 aIKM.14205 aIKM.14206 aIKM.14207 aIKM.14208 aIKM.14209 aIKM.14210 aIKM.14211 aIKM.14212 aIKM.14213 aIKM.14214 aIKM.14215 aIKM.14216 aIKM.14217 aIKM.14218 aIKM.14219 aIKM.14220 aIKM.14221 aIKM.14222 aIKM.14223 aIKM.14224 aIKM.14225 aIKM.14226 aIKM.14227 aIKM.14228 aIKM.14229 aIKM.14230 aIKM.14231 aIKM.14232 aIKM.14233 aIKM.14234 aIKM.14235 aIKM.14236 aIKM.14237 aIKM.14238 aIKM.14239 aIKM.14240 aIKM.14241 aIKM.14242 aIKM.14243 aIKM.14244 aIKM.14245 aIKM.14246 aIKM.14247 aIKM.14248 aIKM.14249 aIKM.14250 aIKM.14251 aIKM.14252 aIKM.14253 aIKM.14254 aIKM.14255 aIKM.14256 aIKM.14257 aIKM.14258 aIKM.14259 aIKM.14260 aIKM.14261 aIKM.14262 aIKM.14263 aIKM.14264 aIKM.14265 aIKM.14266 aIKM.14267 aIKM.14268 aIKM.14269 aIKM.14270 aIKM.14271 aIKM.14272 aIKM.14273 aIKM.14274 aIKM.14275 aIKM.14276 aIKM.14277 aIKM.14278 aIKM.14279 aIKM.14280 aIKM.14281 aIKM.14282 aIKM.14283